MDQL
is popping MORE tags! Check the
thread
!
Quizzes
Events
Quiz Creation
Community
Videos
Private Events
Remove Ads
Sign In
Join for FREE
Feedback
Dark Mode
Quiz Categories
Sports
Geography
Music
Movies
Television
Just For Fun
Miscellaneous
History
Literature
Language
Science
Gaming
Entertainment
Religion
Holiday
For Kids
Quiz Lab
Recent
Popular Today
Quiz Kudos Today
Editor Picks
Curator Picks
Quizzes by...
Day
Popularity
Type
Ratings
Length
Year
Community
Subscriptions
Recent Discussions
Orange Saloon
Badges
Playlists
Quests
Create
Leaderboards
Showdown
Live 5
Trivia Bingo
Activity
Puzzle Library
Sporcle Events
Private Events
Virtual Trivia
Globe League
Become a Host
Pub Owners
SporcleCon
Opinionation
Our Games
Videos
Blog
Mobile Apps
Partnerships
Remove Ads and Go Orange
Feedback
Sports
Athletes
MLB
NBA
NHL
NFL
Soccer
Sports Teams
WWE
NCAA
Football
Premier League
Basketball
Baseball
Hockey
Golf
Tennis
Cricket
Rugby
Auto Racing
Olympics
World Cup
Sports
Athletes
MLB
NBA
NHL
NFL
Soccer
Sports Teams
WWE
NCAA
Football
Premier League
Basketball
Baseball
Hockey
Golf
Tennis
Cricket
Rugby
Auto Racing
Olympics
World Cup
Random Quiz
Search Sporcle
×
Quiz Lab
Quiz Lab
Sports
NBA
Type in answers that appear in a list
Type in answers that appear in a list
Classic
Best Score? Go Orange.
NBA 10+ 30-pt games (one month) Stats
Can you name the players who had ten or more games with 30+ points in a single calendar month?
By
jsnellerwm
10m
140 Questions
809 Plays
809 Plays
809 Plays
Comments
Comments
Give Quiz Kudos
Give Quiz Kudos
-
- Ratings
hide this ad
Replay
Link that replays current quiz
Next Quiz
Link to next quiz in quiz playlist
You Got
0%
They Got
Avg Score
90%
Avg Friend Score
Upgrade to see
Score Distribution
Jump to the score distribution portion of the page
Score
0/140
Timer
10:00
0
Plays Today
30-pt games:
Player:
% Correct
14 games:
Kobe Bryant
99.4%
12 games:
Kobe Bryant
99.4%
12 games:
Kobe Bryant
99.4%
11 games:
Kobe Bryant
99.4%
10 games:
Kobe Bryant
99.4%
10 games:
Kobe Bryant
99.4%
14 games:
Michael Jordan
98.6%
13 games:
Michael Jordan
98.6%
11 games:
Michael Jordan
98.6%
11 games:
Michael Jordan
98.6%
11 games:
Michael Jordan
98.6%
11 games:
Michael Jordan
98.6%
11 games:
Michael Jordan
98.6%
11 games:
Michael Jordan
98.6%
11 games:
Michael Jordan
98.6%
10 games:
Michael Jordan
98.6%
10 games:
Michael Jordan
98.6%
10 games:
Michael Jordan
98.6%
10 games:
Michael Jordan
98.6%
10 games:
Michael Jordan
98.6%
10 games:
Michael Jordan
98.6%
10 games:
Michael Jordan
98.6%
10 games:
Michael Jordan
98.6%
10 games:
Michael Jordan
98.6%
10 games:
Michael Jordan
98.6%
10 games:
Michael Jordan
98.6%
10 games:
Michael Jordan
98.6%
10 games:
Michael Jordan
98.6%
10 games:
Michael Jordan
98.6%
10 games:
Michael Jordan
98.6%
11 games:
LeBron James
98.4%
10 games:
LeBron James
98.4%
18 games:
Wilt Chamberlain
97.9%
14 games:
Wilt Chamberlain
97.9%
13 games:
Wilt Chamberlain
97.9%
13 games:
Wilt Chamberlain
97.9%
12 games:
Wilt Chamberlain
97.9%
12 games:
Wilt Chamberlain
97.9%
11 games:
Wilt Chamberlain
97.9%
11 games:
Wilt Chamberlain
97.9%
11 games:
Wilt Chamberlain
97.9%
10 games:
Wilt Chamberlain
97.9%
10 games:
Wilt Chamberlain
97.9%
15 games:
Kareem Abdul-Jabbar
97.8%
12 games:
Kareem Abdul-Jabbar
97.8%
11 games:
Kareem Abdul-Jabbar
97.8%
10 games:
Kareem Abdul-Jabbar
97.8%
30-pt games:
Player:
% Correct
10 games:
Kareem Abdul-Jabbar
97.8%
10 games:
Kareem Abdul-Jabbar
97.8%
10 games:
Shaquille O'Neal
97.8%
10 games:
Shaquille O'Neal
97.8%
10 games:
Shaquille O'Neal
97.8%
13 games:
Kevin Durant
97.7%
11 games:
Kevin Durant
97.7%
10 games:
Kevin Durant
97.7%
10 games:
Kevin Durant
97.7%
13 games:
Jerry West
97.5%
13 games:
Jerry West
97.5%
12 games:
Jerry West
97.5%
10 games:
Jerry West
97.5%
12 games:
Allen Iverson
97.3%
11 games:
Allen Iverson
97.3%
10 games:
Allen Iverson
97.3%
10 games:
Allen Iverson
97.3%
10 games:
Allen Iverson
97.3%
10 games:
Allen Iverson
97.3%
10 games:
Allen Iverson
97.3%
12 games:
Karl Malone
97%
11 games:
Karl Malone
97%
10 games:
Karl Malone
97%
10 games:
Karl Malone
97%
13 games:
Moses Malone
96.9%
11 games:
Moses Malone
96.9%
10 games:
Moses Malone
96.9%
11 games:
Larry Bird
95.3%
10 games:
Larry Bird
95.3%
11 games:
Russell Westbrook
95.2%
13 games:
Tracy McGrady
94.9%
11 games:
Tracy McGrady
94.9%
10 games:
Carmelo Anthony
94.9%
10 games:
Carmelo Anthony
94.9%
10 games:
Carmelo Anthony
94.9%
10 games:
Tracy McGrady
94.9%
10 games:
Tracy McGrady
94.9%
11 games:
Dominique Wilkins
94.3%
10 games:
Dominique Wilkins
94.3%
10 games:
Dominique Wilkins
94.3%
10 games:
Dominique Wilkins
94.3%
10 games:
Dominique Wilkins
94.3%
13 games:
Oscar Robertson
92.7%
13 games:
Oscar Robertson
92.7%
12 games:
Oscar Robertson
92.7%
11 games:
Oscar Robertson
92.7%
11 games:
Oscar Robertson
92.7%
30-pt games:
Player:
% Correct
11 games:
Oscar Robertson
92.7%
11 games:
Oscar Robertson
92.7%
11 games:
Oscar Robertson
92.7%
11 games:
Oscar Robertson
92.7%
10 games:
Patrick Ewing
92.7%
10 games:
Oscar Robertson
92.7%
10 games:
Hakeem Olajuwon
92.5%
12 games:
Gilbert Arenas
92.1%
11 games:
Gilbert Arenas
92.1%
11 games:
Anthony Davis
91.5%
13 games:
George Gervin
90.4%
11 games:
George Gervin
90.4%
11 games:
George Gervin
90.4%
10 games:
George Gervin
90.4%
10 games:
Alex English
84.8%
13 games:
Rick Barry
84.7%
13 games:
Rick Barry
84.7%
12 games:
Rick Barry
84.7%
11 games:
Rick Barry
84.7%
10 games:
Rick Barry
84.7%
10 games:
Rick Barry
84.7%
12 games:
Bob McAdoo
78%
11 games:
Bob McAdoo
78%
11 games:
Bob McAdoo
78%
10 games:
Bob McAdoo
78%
10 games:
Bob McAdoo
78%
10 games:
Bob McAdoo
78%
10 games:
Adrian Dantley
75.3%
10 games:
Adrian Dantley
75.3%
10 games:
Adrian Dantley
75.3%
11 games:
Bernard King
74.7%
10 games:
Jerry Stackhouse
74.5%
10 games:
Elvin Hayes
71.8%
10 games:
Glen Rice
69.2%
10 games:
Pete Maravich
68.1%
12 games:
Mark Aguirre
62.5%
14 games:
Nate Archibald
60.7%
13 games:
Nate Archibald
60.7%
12 games:
Nate Archibald
60.7%
12 games:
Nate Archibald
60.7%
11 games:
Nate Archibald
60.7%
10 games:
Kiki Vandeweghe
49.4%
10 games:
Earl Monroe
43.3%
10 games:
Earl Monroe
43.3%
10 games:
Calvin Murphy
43.3%
13 games:
World B. Free
40.5%
Quiz Playlist
Details
Report
Send in Message
Add To Playlist
Classic:
Type in answers that appear in a list
Last Updated: Sep 8, 2023
Quiz Scoreboard
CHALLENGE
Sign Up to Join the Scoreboard
Show All
Scores
Hide
Comments
May contain spoilers
Recently Published
Two Season TV Shows II
by 123Four
Television
10m
Image Sorting: Flags VI
by Barbecue
Geography
2m
Find the 'City' Movie
by crazypaving
Movies
60s
More to Explore
Quiz From the Vault
Featured Blog Post
14 Easter Pick-up Lines to Find Eggs With
hide this ad
You Might Also Like...
Tags
NBA Quiz
calendar
month
Player
point
Single
team
ten
Today's Top Quizzes in Sports
Browse Sports
hide this ad
Today's Top Quizzes in NBA
Browse NBA
Top Contributed Quizzes in Sports
1
Les meilleurs buteurs des matchs entre le PSG et l’OM
2
Les entraîneurs de l'OM et du PSG au 21e siècle
3
2022 World Cup Stars
4
Les joueurs passés par le PSG et l'OM
5
Players with Multiple 50 Home Run Seasons
6
FIFA Club World Cup Champions
7
Criteria MLB: Left Handed Sluggers
8
Les joueurs passés par le LOSC et le RC Lens
9
Top 10 NHL Goal Scorers of All Time
10
MLB Players with Two .350 Batting Average Seasons
Explore More
Trending Topics
Harry Potter
Disney
Crossword
Anime
NBA
Marvel
Kpop
Song
The Office
Pokémon
WWE
Puzzle
NFL
Soccer
Country
hide this ad
More By:
jsnellerwm
Quiz
Plays
Rating
Category
Featured
Created
NBA Draft Class Top Scorers
67,425
4.87
Sports
Dec 28, 2016
NBA Playoff Point Leaders
52,160
4.77
Sports
Apr 25, 2017
30-Points in NBA Finals Decider
52,116
4.69
Sports
Jun 13, 2017
NBA Quickest to 500 Points
47,709
4.69
Sports
Jun 26, 2017
NBA: 1,000 Games, 75% Starts
42,204
4.70
Sports
Dec 27, 2016
Go to Creator's Profile
Score Distribution
Quiz Creator Spotlight
jsnellerwm
Follow
Send a Message
Quizzes Created
-
Created Quiz Play Count
-
More By This Creator
Popular Quizzes Today
1
Find the US States - No Outlines Minefield
2
Colored Red Africa Blitz
3
Find the 'City' Movie
4
5x2 Blitz: Bands
5
The Countries of the World
6
Find the Countries of Europe - No Outlines Minefield
7
Find the US States
8
US States
More Sports Quizzes
Sound Smart About: American Football
Quiz Lab
Trending Quizzes
Colored Red Europe Blitz I
Colored Red Africa Blitz II
Colored Red Europe Blitz II
Colored Red Africa Blitz III
Colored Red Europe Blitz III
Recently Updated
How Do You Spell That?
pecheneg
Godzilla Movies
pecheneg
Grab Bag: 4-10 Letters
pecheneg
2024 March Madness Bracket
pecheneg
Famous TV Couples
Peacemaker
Champions League XIs: Real Madrid
pecheneg
Largest US Cities 1790-2010
pecheneg
Rides in Walt Disney World
pecheneg
Most Oscar Losses (Acting)
pecheneg
Beyoncé Albums
pecheneg
Trending Topics
Marvel
Anime
Harry Potter
Disney
Kpop
NBA
Crossword
Song
WWE
NFL
Puzzle
Soccer
Country
Pokémon
The Office
Your Account Isn't Verified!
In order to create a playlist on Sporcle, you need to verify the email address you used during registration. Go to your
Sporcle Settings
to finish the process.
Report this User
Report this user for behavior that violates our
Community Guidelines
.
Details:
Send Report
Go to the Sporcle.com Mobile Site →
Comments